Statistics for Famous Landmarks #1

Click here to take the quiz!

General Stats

  • This quiz has been taken 64 times
  • The average score is 9 of 15

Answer Stats

Answer% Correct
Eiffel Tower
96%
Taj Mahal
86%
Great Wall of China
75%
The Leaning Tower of Pisa
75%
The Statue of Liberty
75%
Big Ben
71%
Sydney Opera House
71%
Cinderella Castle (Disney World)
64%
Pyramids of Giza
57%
Angkor Wat
50%
Sagrada Familia
46%
Chichén Itzá
39%
Red Square
36%
The Gateway Arch
32%
Neuschwanstein Castle
25%

Score Distribution

Percentile by Number Answered

Percent of People with Each Score

Your Score History

You have not taken this quiz